000 00462nam a2200157 4500
001 138098
003 ES-MaACL
005 20230906195514.0
007 t|
008 070214s1963 sp r ||||1| spa d
100 1 _aSánchez Paredes, Pedro.
_9102831
245 1 0 _aDios ha pasado sobre los bosques /
_cPedro Sánchez Paredes.
260 _aMadrid :
_b[s. n.],
_c1963 (
_fGráf. Martínez)
300 _a250 p. ;
_c22 cm.
852 _aES-MaACL
_jC-24101
_bR.52868
999 _c138098
_d138098